01065nam a2200229Ii 45000010005000000030009000050080041000140400033000550410008000880820021000961100060001172450113001772640092002903000012003823360026003943370028004203380027004489400050004759990017005259520141005429520152006832085CO-ViMGA241108s9999||||xx |||||||||||||| ||und|| aCO-ViMGAbspaerdacCO-ViMGA0 aspa04a746.0986151 M87c1 aMuseo de Artes y Tradiciones Populares. Bogotá95317910aArtesanía, comunidad y desarrollo, memoria y futuro [videocasete] :bComunidad indígena Waunana, Chocó 1a[Lugar de publicación no identificado] : Museo de Artes y Tradiciones Populares, 1992 avolumen atextbtxt2rdacontent aunmediatedbn2rdamedia avolumebnc2rdacarrier aidficha_siabuc: 2040. -- ficha_no_siabuc:2085 c49419d49419 001040708001aMEVIGERRbMEVIGERRcGENd2004-07-19o746.0986151 M87cpECA15064r2024-11-26 09:51:06tEj.1w2024-11-26yBKz2040 | 2408 001040708InfPoTiaMEVIGERRbMEVIGERRcGENd2003-11-15hVol.1o746.0986151 M87cpECA04-27r2024-11-26 09:51:06tEj.1w2024-11-26yBKz2040 | 2407